00499nam a2200145Ia 4500008004100000020001800041040002900059050002700088100002800115245003600143260003100179942000700210952012100217999001500338221221s9999 xx 000 0 und d a0-07-301837-6 cChuka University Library aBSL HF 5686 bM34 2006 aMaher, Michael W.92635 0aFundamentals of cost accounting aMcgraw hill bBostonc2006 cBK 001040708LGLaCHKbCHKcBSLd2022-12-21l0oBSL HF 5686 .M34 2006p4040/2009r2022-12-21 00:00:00w2022-12-21yBK c3534d3534